Normal view
MARC view
Entry Personal Name
001 - CONTROL NUMBER
- control field: 263684
003 - CONTROL NUMBER IDENTIFIER
- control field: OSt
005 - DATE AND TIME OF LATEST TRANSACTION
- control field: 20260508161518.0
008 - FIXED-LENGTH DATA ELEMENTS
- fixed length control field: 260508|| aca||aabn | a|a d
040 ## - CATALOGING SOURCE
- Original cataloging agency: OSt
- Transcribing agency: OSt
100 ## - HEADING--PERSONAL NAME
- Personal name: PRAJAVANI.
- Dates associated with a name: ಪ್ರಜಾವಾಣಿ
670 ## - SOURCE DATA FOUND
- Source citation: Work cat.: (OSt)96510: PRAJAVANI. ಪ್ರಜಾವಾಣಿ, Saundarya margadarshi mane parisara sva udyoga suchi eleyare buddhige kasarattu., 1992